| 000 | 00824nam a2200253Ia 4500 | ||
|---|---|---|---|
| 003 | OSt | ||
| 005 | 20220930190153.0 | ||
| 006 | a|||||r|||| 00| 0 | ||
| 007 | ta | ||
| 008 | 220926b |||||||| |||| 00| 0 pan d | ||
| 020 | _c110 | ||
| 024 | _a5632 | ||
| 037 |
_b726, 26/06/2013, H.K. Prakashan _cTextbook |
||
| 040 |
_aCRL _cCRL _bpan |
||
| 041 |
_2pan _apan |
||
| 082 | _aO153,3NGUx, P4 | ||
| 100 | _aਗੁਰਬਚਨ | ||
| 245 | 0 | _aਏਨ੍ਹਾਂ ਮੰੁਡਿਆਂ ਜਲਦੀ ਮਰ ਜਾਣਾ | |
| 260 |
_aਚੰਡੀਗੜ, _bਯੂਨੀਸਟਾਰ, ਭਾਰਤ _c2004 |
||
| 300 |
_a154ਪੰ _ccm. |
||
| 650 | _aਪੰਜਾਬੀ ਸਾਹਤਿ | ||
| 942 |
_hO153,3NGUx, P4 _cTB _2CC |
||
| 999 |
_c891707 _d891707 |
||